| 000 | 00604nam a2200193 i 4500 | ||
|---|---|---|---|
| 001 | 142800 | ||
| 003 | ES-MaACL | ||
| 005 | 20230906200627.0 | ||
| 007 | t| | ||
| 008 | 071010s1973 sp ||||1| spa d | ||
| 020 | _a84-224-0429-X | ||
| 080 | _a616.13/.14(02) | ||
| 100 | 1 |
_aVidal-Barraquer, F. _9114467 |
|
| 245 | 1 | 0 |
_aPatología vascular _b: fisiopatología clínica y tratamiento / _cF. Vidal-Barraquer. |
| 260 |
_aBarcelona : _bEd. Científico-Médica, _c1973. |
||
| 300 |
_aXVI, 433 p. : _bil. ; _c28 cm. |
||
| 650 | 1 | 4 |
_aEnfermedades vasculares. _912270 |
| 852 |
_aES-MaACL _jC-53264 _bR.86196 |
||
| 999 |
_c142800 _d142800 |
||